[Event "Avoine op 38th"]
[Site "Avoine"]
[Date "2024.07.22"]
[Round "3"]
[White "Lebon, Sebastien"]
[Black "Dreelinck, Jacob"]
[Result "0-1"]
[WhiteElo "2074"]
[BlackElo "2310"]
[PlyCount "62"]
[EventDate "2024.07.20"]
[EventType "swiss"]
[EventRounds "9"]
[EventCountry "FRA"]
[SourceTitle "EXT 2025"]
[Source "ChessBase"]
[SourceDate "2024.10.14"]
[SourceVersion "1"]
[SourceVersionDate "2024.10.14"]
[SourceQuality "1"]

1. e4 e6 2. d3 d5 3. Nd2 Nc6 4. Ngf3 f5 5. exf5 e5 6. g4 h5 7. d4 e4 8. Ne5 Nxe5 9. dxe5 e3 10. Nb3 exf2+ 11. Kxf2 Qh4+ 12. Kg1 Ne7 13. Bg2 hxg4 14. e6 Nxf5 15. Bxd5 Bd6 16. Qe2 Ng3 17. Qd3 Nf5 18. Bd2 Qh5 19. Rf1 Ne7 20. c4 Qg6 21. Qxg6+ Nxg6 22. c5 Be5 23. c6 Rb8 24. Rf7 Ne7 25. Rxe7+ Kxe7 26. Bg5+ Kd6 27. Bc4 Bxe6 28. Bxe6 Kxe6 29. Nc5+ Kf5 30. Be3 bxc6 31. b3 Rh3 0-1

[Event "Montagne Rapid op 3rd"]
[Site "Montagne"]
[Date "2022.08.28"]
[Round "2"]
[White "Lebon, Sebastien"]
[Black "Bacrot, Etienne"]
[Result "0-1"]
[WhiteElo "2015"]
[BlackElo "2648"]
[PlyCount "49"]
[EventDate "2022.08.28"]
[EventType "swiss (rapid)"]
[EventRounds "9"]
[EventCountry "FRA"]
[SourceTitle "CBM 210 Extra"]
[Source "ChessBase"]
[SourceDate "2022.11.30"]
[SourceVersion "1"]
[SourceVersionDate "2022.11.30"]
[SourceQuality "1"]

1. e4 c5 2. Nf3 d6 3. d4 cxd4 4. Nxd4 Nf6 5. Nc3 Nc6 6. Bg5 e6 7. Bb5 Bd7 8. Qd3 a6 9. Bxc6 bxc6 10. f4 h6 11. Bh4 Be7 12. 0-0-0 Qc7 13. Rhe1 e5 14. Nf5 Bxf5 15. exf5 0-0 16. fxe5 dxe5 17. Bxf6 Bxf6 18. Ne4 Be7 19. f6 gxf6 20. Qh3 Rfd8 21. Qxh6 Rxd1+ 22. Rxd1 Rd8 23. Rf1 Qa5 24. Nxf6+ Bxf6 25. Qxf6 0-1